[Event "DVM U14 2014"]
[Site "Regensburg GER"]
[Date "2014.12.28"]
[Round "3"]
[White "Oberhofer, Cédric"]
[Black "Fieberg, Samuel"]
[Result "1/2-1/2"]
[Termination "normal"]
[Board "1.1"]
[WhiteElo "2066"]
[BlackElo "2064"]
[WhiteClock "00:14:54"]
[BlackClock "00:26:14"]
[WhiteTeam "SC Bavaria Regensburg"]
[BlackTeam "SG Porz"]
[PlyCount "58"]
[WhiteFideId "12941220"]
[BlackFideId "12901717"]
[EventCountry "GER"]
[EventRounds "7"]
[EventType "team-swiss"]
[EventDate "2014.12.26"]

1. e4 {[%clk 1:30:59]} c5 {[%clk 1:30:56]} 2. Nf3 {[%clk 1:31:25]} d6 {[%clk
1:31:22]} 3. d4 {[%clk 1:31:53]} cxd4 {[%clk 1:31:47]} 4. Nxd4 {[%clk 1:32:19]}
Nf6 {[%clk 1:32:15]} 5. Nc3 {[%clk 1:32:44]} a6 {[%clk 1:32:40]} 6. f4 {[%clk
1:33:08]} e5 {[%clk 1:33:06]} 7. Nb3 {[%clk 1:33:24]} Nbd7 {[%clk 1:30:41]} 8.
g4 {[%clk 1:32:31]} Nc5 {[%clk 0:54:51]} 9. g5 {[%clk 0:59:41]} Nfxe4 {[%clk
0:48:16]} 10. Nxe4 {[%clk 0:59:31]} Nxe4 {[%clk 0:48:40]} 11. Qd5 {[%clk
0:56:03]} Nc5 {[%clk 0:47:17]} 12. Nxc5 {[%clk 0:52:45]} Qa5+ {[%clk 0:44:38]}
13. Bd2 {[%clk 0:52:18]} Qxc5 {[%clk 0:45:03]} 14. Qxc5 {[%clk 0:52:44]} dxc5
{[%clk 0:45:27]} 15. fxe5 {[%clk 0:53:04]} Be6 {[%clk 0:44:09]} 16. Bg2 {[%clk
0:47:58]} O-O-O {[%clk 0:43:29]} 17. O-O-O {[%clk 0:40:08]} Be7 {[%clk
0:41:37]} 18. Be3 {[%clk 0:34:56]} b6 {[%clk 0:38:28]} 19. a3 {[%clk 0:32:00]}
Kc7 {[%clk 0:38:10]} 20. Rxd8 {[%clk 0:30:14]} Rxd8 {[%clk 0:38:21]} 21. Rd1
{[%clk 0:30:37]} Rxd1+ {[%clk 0:37:25]} 22. Kxd1 {[%clk 0:30:52]} b5 {[%clk
0:36:20]} 23. Be4 {[%clk 0:26:57]} g6 {[%clk 0:36:42]} 24. Kd2 {[%clk 0:26:23]}
a5 {[%clk 0:33:36]} 25. Bf4 {[%clk 0:17:59]} Kb6 {[%clk 0:31:30]} 26. Be3
{[%clk 0:17:52]} a4 {[%clk 0:31:46]} 27. c3 {[%clk 0:17:17]} Bc4 {[%clk
0:28:42]} 28. Bf3 {[%clk 0:14:50]} Kc7 {[%clk 0:28:02]} 29. Bf4 {[%clk
0:14:54]} Be6 {[%clk 0:26:14]} 1/2-1/2

[Event "DVM U14 2014"]
[Site "Regensburg GER"]
[Date "2014.12.28"]
[Round "3"]
[White "Ramien, David"]
[Black "Dechant, Georg"]
[Result "1/2-1/2"]
[Termination "normal"]
[Board "1.2"]
[WhiteElo "1985"]
[BlackElo "1759"]
[WhiteClock "00:25:53"]
[BlackClock "00:48:59"]
[WhiteTeam "SG Porz"]
[BlackTeam "SC Bavaria Regensburg"]
[PlyCount "84"]
[WhiteFideId "12948241"]
[BlackFideId "12956716"]
[EventCountry "GER"]
[EventRounds "7"]
[EventType "team-swiss"]
[EventDate "2014.12.26"]

1. e4 {[%clk 1:30:58]} c5 {[%clk 1:30:53]} 2. Nf3 {[%clk 1:31:24]} e6 {[%clk
1:31:19]} 3. d4 {[%clk 1:31:50]} cxd4 {[%clk 1:31:45]} 4. Nxd4 {[%clk 1:32:16]}
Nc6 {[%clk 1:32:08]} 5. Nb5 {[%clk 1:32:42]} d6 {[%clk 1:32:31]} 6. c4 {[%clk
1:33:09]} Nf6 {[%clk 1:32:51]} 7. N5c3 {[%clk 1:33:34]} Be7 {[%clk 1:32:51]} 8.
Be2 {[%clk 1:33:58]} O-O {[%clk 1:33:09]} 9. O-O {[%clk 1:34:21]} b6 {[%clk
1:31:44]} 10. Be3 {[%clk 1:34:34]} Bb7 {[%clk 1:32:04]} 11. f4 {[%clk 1:29:51]}
Rc8 {[%clk 1:31:55]} 12. Nd2 {[%clk 1:29:32]} Qd7 {[%clk 1:26:43]} 13. Qe1
{[%clk 1:23:49]} Rfd8 {[%clk 1:23:38]} 14. Qg3 {[%clk 1:22:36]} Nb4 {[%clk
1:12:42]} 15. Rac1 {[%clk 1:20:54]} Na6 {[%clk 1:11:17]} 16. e5 {[%clk
1:16:07]} Ne8 {[%clk 1:08:26]} 17. Rfd1 {[%clk 1:12:09]} Qc7 {[%clk 1:01:51]}
18. Nb5 {[%clk 1:11:51]} Qb8 {[%clk 1:02:11]} 19. Bd4 {[%clk 1:03:37]} d5
{[%clk 1:00:48]} 20. cxd5 {[%clk 0:56:48]} Bxd5 {[%clk 1:01:02]} 21. Rxc8
{[%clk 0:54:24]} Rxc8 {[%clk 1:01:23]} 22. Nd6 {[%clk 0:54:39]} Bxd6 {[%clk
1:01:14]} 23. Bxa6 {[%clk 0:54:42]} Bc5 {[%clk 1:01:38]} 24. Nb3 {[%clk
0:50:09]} Bxb3 {[%clk 0:56:34]} 25. Qxb3 {[%clk 0:48:32]} Bxd4+ {[%clk
0:55:52]} 26. Rxd4 {[%clk 0:48:52]} Rd8 {[%clk 0:55:45]} 27. Rxd8 {[%clk
0:37:47]} Qxd8 {[%clk 0:56:05]} 28. Qd3 {[%clk 0:34:39]} Qxd3 {[%clk 0:53:07]}
29. Bxd3 {[%clk 0:35:06]} h6 {[%clk 0:53:25]} 30. Kf2 {[%clk 0:34:53]} Kf8
{[%clk 0:53:31]} 31. Ke3 {[%clk 0:34:46]} Ke7 {[%clk 0:53:48]} 32. Kd4 {[%clk
0:34:29]} Nc7 {[%clk 0:54:07]} 33. Be4 {[%clk 0:34:20]} Kd7 {[%clk 0:53:54]}
34. g4 {[%clk 0:33:06]} Ke7 {[%clk 0:50:01]} 35. Bc6 {[%clk 0:31:49]} g6 {[%clk
0:47:19]} 36. b4 {[%clk 0:28:57]} Kd8 {[%clk 0:47:29]} 37. a4 {[%clk 0:28:32]}
Ke7 {[%clk 0:47:40]} 38. a5 {[%clk 0:27:05]} Kf8 {[%clk 0:47:59]} 39. Ke4
{[%clk 0:26:56]} Ke7 {[%clk 0:48:01]} 40. axb6 {[%clk 0:26:08]} axb6 {[%clk
0:48:24]} 41. b5 {[%clk 0:26:16]} Kf8 {[%clk 0:48:39]} 42. f5 {[%clk 0:25:53]}
g5 {[%clk 0:48:59]} 1/2-1/2

[Event "DVM U14 2014"]
[Site "Regensburg GER"]
[Date "2014.12.28"]
[Round "3"]
[White "Brüll, Elias"]
[Black "Kagan, Dennis"]
[Result "1/2-1/2"]
[Termination "normal"]
[Board "1.3"]
[WhiteElo "1724"]
[BlackElo "1926"]
[WhiteClock "00:13:08"]
[BlackClock "00:29:44"]
[WhiteTeam "SC Bavaria Regensburg"]
[BlackTeam "SG Porz"]
[PlyCount "50"]
[WhiteFideId "12964921"]
[BlackFideId "12983578"]
[EventCountry "GER"]
[EventRounds "7"]
[EventType "team-swiss"]
[EventDate "2014.12.26"]

1. e4 {[%clk 1:30:58]} c5 {[%clk 1:30:59]} 2. Nf3 {[%clk 1:31:23]} d6 {[%clk
1:31:23]} 3. d4 {[%clk 1:31:49]} cxd4 {[%clk 1:31:48]} 4. Nxd4 {[%clk 1:32:17]}
Nf6 {[%clk 1:32:11]} 5. Nc3 {[%clk 1:32:38]} Nc6 {[%clk 1:32:35]} 6. Bg5 {[%clk
1:32:47]} e6 {[%clk 1:32:57]} 7. Qd2 {[%clk 1:32:44]} Be7 {[%clk 1:32:01]} 8.
O-O-O {[%clk 1:29:57]} O-O {[%clk 1:28:28]} 9. Bxf6 {[%clk 1:27:04]} Bxf6
{[%clk 1:26:16]} 10. Nxc6 {[%clk 1:25:44]} bxc6 {[%clk 1:26:36]} 11. Qxd6
{[%clk 1:24:47]} Qb6 {[%clk 1:24:43]} 12. Qg3 {[%clk 1:08:14]} Rb8 {[%clk
1:18:34]} 13. b3 {[%clk 1:05:03]} Qb4 {[%clk 1:12:02]} 14. e5 {[%clk 0:59:54]}
Bh4 {[%clk 1:04:29]} 15. Qe3 {[%clk 0:42:24]} Bxf2 {[%clk 1:00:53]} 16. Qxf2
{[%clk 0:42:40]} Qxc3 {[%clk 1:01:15]} 17. Qd4 {[%clk 0:42:28]} Qa5 {[%clk
0:56:51]} 18. a4 {[%clk 0:36:39]} c5 {[%clk 0:47:51]} 19. Qd2 {[%clk 0:28:14]}
Qc7 {[%clk 0:39:59]} 20. Qd6 {[%clk 0:20:12]} Qxd6 {[%clk 0:39:36]} 21. Rxd6
{[%clk 0:19:57]} Bb7 {[%clk 0:39:33]} 22. Rd2 {[%clk 0:15:36]} Rfd8 {[%clk
0:38:02]} 23. Bd3 {[%clk 0:15:20]} Rd5 {[%clk 0:32:32]} 24. Rhd1 {[%clk
0:13:04]} Rbd8 {[%clk 0:29:44]} 25. g3 {[%clk 0:13:08]} Kf8 1/2-1/2

[Event "DVM U14 2014"]
[Site "Regensburg GER"]
[Date "2014.12.28"]
[Round "3"]
[White "Sewald, Kathrin"]
[Black "Sammet, Dominik"]
[Result "1-0"]
[Termination "normal"]
[Board "1.4"]
[WhiteElo "1503"]
[BlackElo "1551"]
[WhiteClock "00:24:36"]
[BlackClock "00:40:22"]
[WhiteTeam "SG Porz"]
[BlackTeam "SC Bavaria Regensburg"]
[PlyCount "49"]
[WhiteFideId "12964557"]
[BlackFideId "12987875"]
[EventCountry "GER"]
[EventRounds "7"]
[EventType "team-swiss"]
[EventDate "2014.12.26"]

1. e4 {[%clk 1:30:57]} c5 {[%clk 1:30:44]} 2. Nf3 {[%clk 1:31:21]} d6 {[%clk
1:31:04]} 3. d4 {[%clk 1:31:38]} cxd4 {[%clk 1:31:05]} 4. Nxd4 {[%clk 1:29:38]}
Nf6 {[%clk 1:31:08]} 5. Nc3 {[%clk 1:29:14]} a6 {[%clk 1:31:24]} 6. Be2 {[%clk
1:24:34]} e5 {[%clk 1:29:30]} 7. Nb3 {[%clk 1:24:19]} Be6 {[%clk 1:28:33]} 8.
h3 {[%clk 1:21:26]} Nbd7 {[%clk 1:23:38]} 9. Be3 {[%clk 1:17:02]} b5 {[%clk
1:21:18]} 10. Bd3 {[%clk 1:10:56]} Nb6 {[%clk 1:20:27]} 11. Nd2 {[%clk
1:04:41]} Rc8 {[%clk 0:57:12]} 12. a4 {[%clk 0:51:53]} b4 {[%clk 0:56:55]} 13.
Bxb6 {[%clk 0:49:54]} Qxb6 {[%clk 0:57:15]} 14. a5 {[%clk 0:50:09]} Qb7 {[%clk
0:57:32]} 15. Na4 {[%clk 0:47:39]} Nd7 {[%clk 0:56:03]} 16. Qe2 {[%clk
0:44:44]} Rc6 {[%clk 0:56:13]} 17. O-O {[%clk 0:34:02]} Be7 {[%clk 0:50:44]}
18. Nc4 {[%clk 0:30:55]} Nc5 {[%clk 0:49:41]} 19. Nxc5 {[%clk 0:29:16]} dxc5
{[%clk 0:45:52]} 20. Nxe5 {[%clk 0:26:17]} Rd6 {[%clk 0:43:34]} 21. Nc4 {[%clk
0:25:35]} Rc6 {[%clk 0:41:20]} 22. Nb6 {[%clk 0:24:56]} Bc8 {[%clk 0:41:40]}
23. e5 {[%clk 0:25:10]} Re6 {[%clk 0:40:42]} 24. Bf5 {[%clk 0:24:23]} Rxb6
{[%clk 0:40:22]} 25. Bxc8 {[%clk 0:24:36]} 1-0

[Event "DVM U14 2014"]
[Site "Regensburg GER"]
[Date "2014.12.28"]
[Round "3"]
[White "Nicklaus, Timm"]
[Black "Laubrock, Paul"]
[Result "0-1"]
[Termination "normal"]
[Board "2.1"]
[WhiteElo "1522"]
[BlackElo "1902"]
[WhiteClock "00:01:54"]
[BlackClock "00:30:32"]
[WhiteTeam "SK König Plauen"]
[BlackTeam "Hagener SV"]
[PlyCount "127"]
[WhiteFideId "12957143"]
[BlackFideId "1270509"]
[EventCountry "GER"]
[EventRounds "7"]
[EventType "team-swiss"]
[EventDate "2014.12.26"]

1. e4 {[%clk 1:30:58]} d5 {[%clk 1:30:38]} 2. exd5 {[%clk 1:31:19]} Qxd5 {[%clk
1:31:02]} 3. Nc3 {[%clk 1:31:05]} Qa5 {[%clk 1:31:25]} 4. d4 {[%clk 1:30:37]}
Nf6 {[%clk 1:31:48]} 5. Be3 {[%clk 1:25:22]} Bg4 {[%clk 1:26:54]} 6. Qd2 {[%clk
1:17:16]} Nc6 {[%clk 1:22:46]} 7. f3 {[%clk 1:00:54]} Bh5 {[%clk 1:22:13]} 8.
Bb5 {[%clk 0:56:57]} O-O-O {[%clk 1:19:57]} 9. Bxc6 {[%clk 0:50:32]} bxc6
{[%clk 1:20:21]} 10. Qf2 {[%clk 0:46:09]} e5 {[%clk 1:16:13]} 11. Nge2 {[%clk
0:41:32]} Bb4 {[%clk 1:08:38]} 12. O-O {[%clk 0:38:41]} Nd5 {[%clk 0:59:36]}
13. Nxd5 {[%clk 0:36:47]} Rxd5 {[%clk 0:59:24]} 14. a3 {[%clk 0:35:04]} Bd2
{[%clk 0:54:04]} 15. b4 {[%clk 0:31:31]} Bxe3 {[%clk 0:54:22]} 16. Qxe3 {[%clk
0:31:45]} exd4 {[%clk 0:54:22]} 17. Nxd4 {[%clk 0:28:56]} Qb6 {[%clk 0:50:54]}
18. c3 {[%clk 0:28:33]} c5 {[%clk 0:49:34]} 19. Nc2 {[%clk 0:25:17]} cxb4
{[%clk 0:47:53]} 20. Qxb6 {[%clk 0:24:47]} cxb6 {[%clk 0:45:52]} 21. axb4
{[%clk 0:23:34]} Rd7 {[%clk 0:44:35]} 22. Nd4 {[%clk 0:22:09]} Kb7 {[%clk
0:42:23]} 23. Rfe1 {[%clk 0:19:03]} Rc8 {[%clk 0:40:04]} 24. Kf2 {[%clk
0:14:24]} a6 {[%clk 0:37:24]} 25. Re3 {[%clk 0:13:38]} Rdc7 {[%clk 0:35:29]}
26. Rc1 {[%clk 0:13:41]} Bg6 {[%clk 0:34:50]} 27. g4 {[%clk 0:13:18]} Rd8
{[%clk 0:33:02]} 28. Rce1 {[%clk 0:12:50]} Rdd7 {[%clk 0:32:28]} 29. f4 {[%clk
0:12:24]} f6 {[%clk 0:30:14]} 30. Ne6 {[%clk 0:10:56]} Rc8 {[%clk 0:28:35]} 31.
f5 {[%clk 0:10:02]} Bf7 {[%clk 0:27:23]} 32. Nxg7 {[%clk 0:08:03]} Rg8 {[%clk
0:25:42]} 33. Re7 {[%clk 0:06:59]} Kc7 {[%clk 0:24:49]} 34. Ne6+ {[%clk
0:05:20]} Kd6 {[%clk 0:23:13]} 35. Rxd7+ {[%clk 0:04:39]} Kxd7 {[%clk 0:23:35]}
36. h3 {[%clk 0:04:57]} Rc8 {[%clk 0:21:04]} 37. Re3 {[%clk 0:04:13]} a5 {[%clk
0:21:01]} 38. bxa5 {[%clk 0:02:39]} bxa5 {[%clk 0:21:26]} 39. h4 {[%clk
0:02:26]} a4 {[%clk 0:19:30]} 40. g5 {[%clk 0:01:55]} fxg5 {[%clk 0:18:41]} 41.
Nxg5 {[%clk 0:00:35]} Bc4 {[%clk 0:15:35]} 42. f6 {[%clk 0:22:36]} a3 {[%clk
0:43:19]} 43. Re7+ {[%clk 0:22:29]} Kc6 {[%clk 0:43:12]} 44. Ra7 {[%clk
0:22:35]} a2 {[%clk 0:43:25]} 45. Nf3 {[%clk 0:17:59]} Re8 {[%clk 0:40:00]} 46.
Nd4+ {[%clk 0:12:42]} Kb6 {[%clk 0:39:01]} 47. Ra4 {[%clk 0:11:54]} Re5 {[%clk
0:35:58]} 48. Ra8 {[%clk 0:02:38]} Ra5 {[%clk 0:29:12]} 49. Rxa5 {[%clk
0:00:39]} Kxa5 {[%clk 0:29:37]} 50. Nc2 {[%clk 0:01:06]} Ka4 {[%clk 0:28:51]}
51. Ke3 {[%clk 0:01:11]} Kb3 {[%clk 0:29:05]} 52. Kd2 {[%clk 0:01:37]} Kb2
{[%clk 0:29:13]} 53. Kd1 {[%clk 0:01:40]} h6 {[%clk 0:28:29]} 54. Kd2 {[%clk
0:01:56]} Bb3 {[%clk 0:28:49]} 55. h5 {[%clk 0:00:55]} Bf7 {[%clk 0:28:25]} 56.
Kd1 {[%clk 0:01:09]} Bc4 {[%clk 0:28:34]} 57. Kd2 {[%clk 0:01:26]} Bb3 {[%clk
0:29:01]} 58. c4 {[%clk 0:01:42]} Bxc4 {[%clk 0:29:22]} 59. Kd1 {[%clk
0:02:08]} Bf7 {[%clk 0:29:42]} 60. Kd2 {[%clk 0:02:23]} Bb3 {[%clk 0:30:07]}
61. Na1 {[%clk 0:01:30]} Kxa1 {[%clk 0:30:02]} 62. Kc1 {[%clk 0:01:42]} Bf7
{[%clk 0:30:08]} 63. Kc2 {[%clk 0:01:54]} Bxh5 {[%clk 0:30:32]} 64. Kd3 0-1

[Event "DVM U14 2014"]
[Site "Regensburg GER"]
[Date "2014.12.28"]
[Round "3"]
[White "Balazs, Balint"]
[Black "Linnert, Niklas"]
[Result "1-0"]
[Termination "normal"]
[Board "2.2"]
[WhiteElo "1851"]
[BlackElo "1541"]
[WhiteClock "00:11:08"]
[BlackClock "01:05:02"]
[WhiteTeam "Hagener SV"]
[BlackTeam "SK König Plauen"]
[PlyCount "203"]
[WhiteFideId "12922757"]
[BlackFideId "12974781"]
[EventCountry "GER"]
[EventRounds "7"]
[EventType "team-swiss"]
[EventDate "2014.12.26"]

1. e4 {[%clk 1:30:57]} c5 {[%clk 1:30:44]} 2. Nf3 {[%clk 1:31:18]} e6 {[%clk
1:30:49]} 3. d4 {[%clk 1:31:39]} cxd4 {[%clk 1:31:04]} 4. Nxd4 {[%clk 1:32:03]}
Nf6 {[%clk 1:31:23]} 5. Nc3 {[%clk 1:32:26]} Bb4 {[%clk 1:31:48]} 6. Ndb5
{[%clk 1:10:12]} Nxe4 {[%clk 0:58:15]} 7. Qd4 {[%clk 1:07:32]} Nxc3 {[%clk
0:57:37]} 8. bxc3 {[%clk 1:06:38]} Bf8 {[%clk 0:55:31]} 9. Qf4 {[%clk 0:31:38]}
Na6 {[%clk 0:54:32]} 10. Qg3 {[%clk 0:24:24]} d5 {[%clk 0:44:14]} 11. Bf4
{[%clk 0:23:53]} Bd7 {[%clk 0:43:12]} 12. Rb1 {[%clk 0:17:39]} Bc6 {[%clk
0:38:03]} 13. Bd3 {[%clk 0:16:04]} f6 {[%clk 0:35:49]} 14. Bd6 {[%clk 0:12:25]}
e5 {[%clk 0:35:04]} 15. Bxf8 {[%clk 0:12:15]} Kxf8 {[%clk 0:35:15]} 16. O-O
{[%clk 0:11:42]} Nc7 {[%clk 0:34:32]} 17. Nxc7 {[%clk 0:11:55]} Qxc7 {[%clk
0:35:01]} 18. c4 {[%clk 0:10:13]} Rc8 {[%clk 0:34:22]} 19. cxd5 {[%clk
0:10:08]} Bxd5 {[%clk 0:34:51]} 20. Bf5 {[%clk 0:10:19]} Rd8 {[%clk 0:34:13]}
21. Rfd1 {[%clk 0:09:50]} g6 {[%clk 0:33:34]} 22. Qa3+ {[%clk 0:09:04]} Kg7
{[%clk 0:33:40]} 23. Bd3 {[%clk 0:08:54]} a6 {[%clk 0:33:48]} 24. c4 {[%clk
0:08:02]} Bc6 {[%clk 0:31:48]} 25. Be2 {[%clk 0:08:17]} Rxd1+ {[%clk 0:31:28]}
26. Rxd1 {[%clk 0:08:46]} Rd8 {[%clk 0:31:40]} 27. Rxd8 {[%clk 0:07:05]} Qxd8
{[%clk 0:32:09]} 28. h3 {[%clk 0:07:23]} Kf7 {[%clk 0:32:11]} 29. Bg4 {[%clk
0:05:43]} Qe7 {[%clk 0:31:53]} 30. Qb3 {[%clk 0:05:58]} f5 {[%clk 0:32:15]} 31.
Be2 {[%clk 0:06:16]} Qe6 {[%clk 0:32:22]} 32. Qb6 {[%clk 0:05:26]} Kf6 {[%clk
0:32:16]} 33. Qd8+ {[%clk 0:05:02]} Qe7 {[%clk 0:32:07]} 34. Qh8+ {[%clk
0:05:09]} Ke6 {[%clk 0:32:33]} 35. Qc8+ {[%clk 0:05:11]} Qd7 {[%clk 0:32:29]}
36. Qg8+ {[%clk 0:05:33]} Kd6 {[%clk 0:32:44]} 37. Qb8+ {[%clk 0:05:09]} Qc7
{[%clk 0:32:39]} 38. c5+ {[%clk 0:05:23]} Kd7 {[%clk 0:32:58]} 39. Qg8 {[%clk
0:05:47]} Qa5 {[%clk 0:31:33]} 40. Qxh7+ {[%clk 0:05:36]} Kc8 {[%clk 0:31:59]}
41. Qh8+ {[%clk 0:05:57]} Kd7 {[%clk 0:32:01]} 42. Qg7+ {[%clk 0:02:02]} Kc8
{[%clk 0:32:08]} 43. Qg8+ {[%clk 0:20:44]} Kd7 {[%clk 1:02:06]} 44. Qf7+ {[%clk
0:20:19]} Kc8 {[%clk 1:02:03]} 45. Qe6+ {[%clk 0:20:03]} Kd8 {[%clk 1:01:16]}
46. Qd6+ {[%clk 0:19:20]} Kc8 {[%clk 1:01:22]} 47. Bc4 {[%clk 0:15:37]} Qc7
{[%clk 1:00:39]} 48. Qxg6 {[%clk 0:15:38]} Bd7 {[%clk 1:00:23]} 49. Qg8+ {[%clk
0:14:43]} Qd8 {[%clk 1:00:46]} 50. Qg7 {[%clk 0:14:51]} e4 {[%clk 1:00:22]} 51.
Qe5 {[%clk 0:13:11]} Qc7 {[%clk 1:00:19]} 52. Qe7 {[%clk 0:12:53]} Qd8 {[%clk
0:59:58]} 53. Qg7 {[%clk 0:11:58]} Qe8 {[%clk 0:59:56]} 54. Qd4 {[%clk
0:11:32]} f4 {[%clk 0:59:37]} 55. Bd5 {[%clk 0:08:24]} e3 {[%clk 0:58:51]} 56.
fxe3 {[%clk 0:08:36]} fxe3 {[%clk 0:59:13]} 57. Qe4 {[%clk 0:08:17]} Qh5 {[%clk
0:55:03]} 58. Bxb7+ {[%clk 0:07:44]} Kc7 {[%clk 0:54:57]} 59. Bxa6 {[%clk
0:07:53]} Qxc5 {[%clk 0:54:36]} 60. Qc4 {[%clk 0:08:00]} Kd6 {[%clk 0:53:50]}
61. Qxc5+ {[%clk 0:07:34]} Kxc5 {[%clk 0:54:19]} 62. Kf1 {[%clk 0:07:16]} Kd4
{[%clk 0:54:39]} 63. Ke2 {[%clk 0:06:50]} Bc6 {[%clk 0:55:01]} 64. g3 {[%clk
0:06:16]} Bd7 {[%clk 0:55:13]} 65. g4 {[%clk 0:05:54]} Ke4 {[%clk 0:55:33]} 66.
Bd3+ {[%clk 0:05:11]} Kf4 {[%clk 0:55:58]} 67. Bf5 {[%clk 0:05:19]} Bc6 {[%clk
0:56:27]} 68. Ke1 {[%clk 0:04:55]} Kg5 {[%clk 0:55:29]} 69. Ke2 {[%clk
0:04:16]} Kf4 {[%clk 0:55:57]} 70. Ke1 {[%clk 0:04:21]} Kg5 {[%clk 0:56:23]}
71. Be6 {[%clk 0:04:44]} Kh4 {[%clk 0:56:29]} 72. Ke2 {[%clk 0:04:49]} Be8
{[%clk 0:56:22]} 73. Kxe3 {[%clk 0:04:49]} Kxh3 {[%clk 0:56:51]} 74. Kd4 {[%clk
0:04:55]} Kg3 {[%clk 0:56:52]} 75. Kc5 {[%clk 0:04:44]} Kf4 {[%clk 0:57:09]}
76. Kb4 {[%clk 0:05:07]} Ke5 {[%clk 0:57:35]} 77. Bf5 {[%clk 0:05:19]} Kd6
{[%clk 0:57:53]} 78. a4 {[%clk 0:05:34]} Kc6 {[%clk 0:58:01]} 79. g5 {[%clk
0:05:54]} Bf7 {[%clk 0:58:27]} 80. g6 {[%clk 0:05:44]} Bg8 {[%clk 0:58:32]} 81.
a5 {[%clk 0:05:48]} Kb7 {[%clk 0:58:56]} 82. Bd7 {[%clk 0:06:06]} Bd5 {[%clk
0:58:53]} 83. Be8 {[%clk 0:06:23]} Be4 {[%clk 0:58:45]} 84. Bf7 {[%clk
0:06:50]} Ka7 {[%clk 0:58:14]} 85. g7 {[%clk 0:07:11]} Bh7 {[%clk 0:58:43]} 86.
g8=Q {[%clk 0:07:33]} Bxg8 {[%clk 0:59:09]} 87. Bxg8 {[%clk 0:07:57]} Ka6
{[%clk 0:59:30]} 88. Bc4+ {[%clk 0:08:11]} Ka7 {[%clk 0:59:56]} 89. Kb5 {[%clk
0:08:35]} Kb7 {[%clk 1:00:23]} 90. Bd5+ {[%clk 0:08:56]} Ka7 {[%clk 1:00:50]}
91. a6 {[%clk 0:08:43]} Kb8 {[%clk 1:01:17]} 92. Kb6 {[%clk 0:09:04]} Kc8
{[%clk 1:01:24]} 93. a7 {[%clk 0:09:26]} Kd7 {[%clk 1:01:49]} 94. a8=Q {[%clk
0:09:42]} Kd6 {[%clk 1:02:13]} 95. Qc6+ {[%clk 0:09:34]} Ke5 {[%clk 1:02:40]}
96. Qe6+ {[%clk 0:09:50]} Kd4 {[%clk 1:03:05]} 97. Qe4+ {[%clk 0:10:11]} Kc3
{[%clk 1:03:32]} 98. Qe3+ {[%clk 0:10:15]} Kc2 {[%clk 1:03:49]} 99. Kc5 {[%clk
0:10:32]} Kb2 {[%clk 1:04:12]} 100. Qb3+ {[%clk 0:10:39]} Kc1 {[%clk 1:04:38]}
101. Qa2 {[%clk 0:11:02]} Kd1 {[%clk 1:05:02]} 102. Kd4 {[%clk 0:11:08]} 1-0

[Event "DVM U14 2014"]
[Site "Regensburg GER"]
[Date "2014.12.28"]
[Round "3"]
[White "Graf, Lucas"]
[Black "Hoppe, Andreas"]
[Result "1-0"]
[Termination "normal"]
[Board "2.3"]
[WhiteElo "1523"]
[BlackElo "1758"]
[WhiteClock "00:02:13"]
[BlackClock "00:46:17"]
[WhiteTeam "SK König Plauen"]
[BlackTeam "Hagener SV"]
[PlyCount "89"]
[WhiteFideId "12974889"]
[BlackFideId "12922811"]
[EventCountry "GER"]
[EventRounds "7"]
[EventType "team-swiss"]
[EventDate "2014.12.26"]

1. e4 {[%clk 1:30:58]} e6 {[%clk 1:30:55]} 2. d4 {[%clk 1:28:49]} d5 {[%clk
1:31:18]} 3. e5 {[%clk 1:28:26]} c5 {[%clk 1:31:41]} 4. c3 {[%clk 1:28:21]} Qb6
{[%clk 1:32:04]} 5. Bd3 {[%clk 1:28:12]} Bd7 {[%clk 1:32:16]} 6. Ne2 {[%clk
1:27:46]} Bb5 {[%clk 1:32:34]} 7. Bxb5+ {[%clk 1:22:55]} Qxb5 {[%clk 1:32:52]}
8. a4 {[%clk 1:23:12]} Qb6 {[%clk 1:32:49]} 9. Nd2 {[%clk 1:21:30]} Nc6 {[%clk
1:30:03]} 10. Nf3 {[%clk 1:21:20]} Nge7 {[%clk 1:30:13]} 11. O-O {[%clk
1:20:39]} Ng6 {[%clk 1:30:11]} 12. Qc2 {[%clk 1:17:13]} Be7 {[%clk 1:30:17]}
13. Be3 {[%clk 1:16:57]} O-O {[%clk 1:30:33]} 14. Rad1 {[%clk 1:08:46]} Rac8
{[%clk 1:30:09]} 15. Qd2 {[%clk 1:05:59]} cxd4 {[%clk 1:27:49]} 16. cxd4 {[%clk
1:04:52]} Bb4 {[%clk 1:27:36]} 17. Nc3 {[%clk 1:03:58]} Na5 {[%clk 1:26:36]}
18. Qc1 {[%clk 0:54:40]} Rc6 {[%clk 1:25:45]} 19. Rd3 {[%clk 0:54:00]} Rfc8
{[%clk 1:24:19]} 20. Bd2 {[%clk 0:50:10]} Nb3 {[%clk 1:23:02]} 21. Qd1 {[%clk
0:48:49]} Nxd2 {[%clk 1:22:24]} 22. Qxd2 {[%clk 0:48:21]} Qa5 {[%clk 1:18:25]}
23. Rc1 {[%clk 0:42:55]} Bxc3 {[%clk 1:16:32]} 24. Rcxc3 {[%clk 0:42:43]} Qxa4
{[%clk 1:15:57]} 25. g3 {[%clk 0:38:28]} Nf8 {[%clk 1:14:27]} 26. Ra3 {[%clk
0:37:34]} Qb5 {[%clk 1:11:02]} 27. Rdb3 {[%clk 0:34:53]} Rc1+ {[%clk 1:10:25]}
28. Ne1 {[%clk 0:34:06]} Qc6 {[%clk 1:05:01]} 29. Kg2 {[%clk 0:29:20]} a6
{[%clk 1:03:39]} 30. Rc3 {[%clk 0:18:57]} Rxc3 {[%clk 1:03:40]} 31. Rxc3 {[%clk
0:19:27]} Qd7 {[%clk 1:03:50]} 32. Rf3 {[%clk 0:18:30]} Rc4 {[%clk 1:01:56]}
33. b3 {[%clk 0:18:40]} Rc6 {[%clk 0:59:33]} 34. Nd3 {[%clk 0:17:32]} Qc8
{[%clk 0:58:52]} 35. Qf4 {[%clk 0:16:00]} Qc7 {[%clk 0:56:51]} 36. Nc5 {[%clk
0:13:16]} Ng6 {[%clk 0:55:33]} 37. Qg4 {[%clk 0:12:35]} Ne7 {[%clk 0:54:45]}
38. b4 {[%clk 0:07:31]} Nf5 {[%clk 0:53:39]} 39. h4 {[%clk 0:05:47]} a5 {[%clk
0:52:24]} 40. b5 {[%clk 0:05:11]} Rb6 {[%clk 0:50:04]} 41. Rb3 {[%clk 0:05:08]}
Qc8 {[%clk 0:46:44]} 42. Qd1 {[%clk 0:03:13]} Qe8 {[%clk 0:46:53]} 43. Qd3
{[%clk 0:03:04]} Nxd4 {[%clk 0:45:56]} 44. Qxd4 {[%clk 0:02:59]} Rxb5 {[%clk
0:46:17]} 45. Qa4 {[%clk 0:02:13]} 1-0